Забытый день: рассказы

Bibliografiset tiedot
Päätekijä: Николаев С. Л. Сергей Леонидович
Yhteenveto:Исключено из фонда НТБ ТПУ
Kieli:venäjä
Julkaistu: Москва, Современник, 1987
Sarja:Новинки "Современника"
Aineistotyyppi: MixedMaterials Kirja
KOHA link:https://koha.lib.tpu.ru/cgi-bin/koha/opac-detail.pl?biblionumber=145454

MARC

LEADER 00000nam0a2200000 4500
001 145454
005 20231031144104.0
020 |a RU  |b 87-70469 
035 |a (RuTPU)RU\TPU\book\157660 
090 |a 145454 
100 |a 20081017d1987 m y0rusy5003 ca 
101 0 |a rus 
102 |a RU 
105 |a y z 000ay 
200 1 |a Забытый день  |e рассказы  |f С. Л. Николаев 
210 |a Москва  |c Современник  |d 1987 
215 |a 205,[2] с. 
225 1 |a Новинки "Современника" 
333 |a Исключено из фонда НТБ ТПУ 
700 1 |a Николаев  |b С. Л.  |g Сергей Леонидович 
801 0 |a RU  |b RuMRKP  |c 19950417  |g psbo 
801 1 |a RU  |b 63413507  |c 20081017  |g PSBO 
801 2 |a RU  |b 63413507  |c 20220516  |g PSBO 
942 |c BK